ბათუმის შოთა რუსთაველის სახელმწიფო უნივერსიტეტის ბიბლიოთეკა

მიკროეკონომიკა (ბიბ.ჩანაწერი № 34895)

000 -LEADER
fixed length control field 00774nam a2200241Ia 4500
001 - CONTROL NUMBER
control field 718
003 - CONTROL NUMBER IDENTIFIER
control field GE_BSU
008 - FIXED-LENGTH DATA ELEMENTS--GENERAL INFORMATION
fixed length control field 181216s||||||||xx |||||||||||||| ||und||
040 ## - CATALOGING SOURCE
Transcribing agency GE_BSU
050 ## - LIBRARY OF CONGRESS CALL NUMBER
Classification number 9789941122446
080 ## - UNIVERSAL DECIMAL CLASSIFICATION NUMBER
Universal Decimal Classification number 330.1(075.8)
100 ## - MAIN ENTRY--PERSONAL NAME
Personal name ხარაიშვილი, ე. [და სხვა]
245 ## - TITLE STATEMENT
Title მიკროეკონომიკა
245 ## - TITLE STATEMENT
Remainder of title სახელმძღვანელო.
245 ## - TITLE STATEMENT
Statement of responsibility, etc. რედ. ე. მექვაბიშვილი
260 ## - PUBLICATION, DISTRIBUTION, ETC.
Place of publication, distribution, etc. თბილისი
260 ## - PUBLICATION, DISTRIBUTION, ETC.
Name of publisher, distributor, etc. ,,უნივერსალი''
260 ## - PUBLICATION, DISTRIBUTION, ETC.
Date of publication, distribution, etc. 2008
300 ## - PHYSICAL DESCRIPTION
Extent 479 გვ.
653 ## - INDEX TERM--UNCONTROLLED
Uncontrolled term მიკროეკონომიკის სახელმძღვანელო
942 ## - ADDED ENTRY ELEMENTS (KOHA)
Koha item type წიგნი
ეგზემპლარები
Withdrawn status Lost status Damaged status Not for loan Date acquired Barcode Date last seen Price effective from Koha item type
        2018-12-17 1069 2018-12-17 2018-12-17 წიგნი